| 000 -LEADER |
| fixed length control field |
02032nam a22001577a 4500 |
| 008 - FIXED-LENGTH DATA ELEMENTS--GENERAL INFORMATION |
| fixed length control field |
220928b ||||| |||| 00| 0 eng d |
| 100 ## - MAIN ENTRY--PERSONAL NAME |
| Personal name |
Mittleman, Joel |
| 245 ## - TITLE STATEMENT |
| Title |
Intersecting the academic gender gap: The education of lesbian, gay, and bisexual America |
| 260 ## - PUBLICATION, DISTRIBUTION, ETC. (IMPRINT) |
| Place of publication, distribution, etc |
American Sociological Review |
| 300 ## - PHYSICAL DESCRIPTION |
| Extent |
87(2), Apr, 2022: p.303-335 |
| 520 ## - SUMMARY, ETC. |
| Summary, etc |
Although gender is central to contemporary accounts of educational stratification, sexuality has been largely invisible as a population-level axis of academic inequality. Taking advantage of major recent data expansions, the current study establishes sexuality as a core dimension of educational stratification in the United States. First, I analyze lesbian, gay, and bisexual (LGB) adults’ college completion rates: overall, by race/ethnicity, and by birth cohort. Then, using new data from the High School Longitudinal Survey of 2009, I analyze LGB students’ performance on a full range of achievement and attainment measures. Across analyses, I reveal two demographic facts. First, women’s rising academic advantages are largely confined to straight women: although lesbian women historically outpaced straight women, in contemporary cohorts, lesbian and bisexual women face significant academic disadvantages. Second, boys’ well-documented underperformance obscures one group with remarkably high levels of school success: gay boys. Given these facts, I propose that marginalization from hegemonic gender norms has important—but asymmetric—impacts on men’s and women’s academic success. To illustrate this point, I apply what I call a “gender predictive” approach, using supervised machine learning methods to uncover patterns of inequality otherwise obscured by the binary sex/gender measures typically available in population research. – Reproduced |
| 650 ## - SUBJECT ADDED ENTRY--TOPICAL TERM |
| Topical term or geographic name as entry element |
Education, Gender and sexuality, Stratification, Pay and lesbian studies. |
| 9 (RLIN) |
33497 |
| 773 ## - HOST ITEM ENTRY |
| Main entry heading |
American Sociological Review |
| 906 ## - LOCAL DATA ELEMENT F, LDF (RLIN) |
| Subject DIP |
TRANSGENDERS |
| 942 ## - ADDED ENTRY ELEMENTS (KOHA) |
| Item type |
Articles |